Análisis de fitolitos como evidencia de reemplazos de especies en pastizales del sur del Caldenal /
Guardado en:
| Autor Principal: | |
|---|---|
| Autor Corporativo: | |
| Formato: | Libro |
| Idioma: | Spanish |
| Publicado: |
Bahía Blanca :
Universidad Nacional del Sur,
2003.
|
| Materias: | |
| Etiquetas: |
Agregar Etiqueta
Sin Etiquetas, Sea el primero en etiquetar este registro!
|
| LEADER | 00904nam a22002415a 4500 | ||
|---|---|---|---|
| 001 | EEA.libagro009446 | ||
| 005 | 20140221124117.0 | ||
| 008 | 040218s2003####ag#a###f#bm###000#0#spa#d | ||
| 082 | 0 | 4 | |a 040 |2 15 |
| 082 | 0 | 4 | |2 19 |a 581.526 |
| 100 | 1 | |a Gallego, Lucrecia. | |
| 245 | 1 | 0 | |a Análisis de fitolitos como evidencia de reemplazos de especies en pastizales del sur del Caldenal / |c Lucrecia Gallego. |
| 260 | |a Bahía Blanca : |b Universidad Nacional del Sur, |c 2003. | ||
| 300 | |a 67 h. : |b il. ; |c 29 cm. | ||
| 502 | |a Tesis (magister)--Universidad Nacional del Sur, Bahía Blanca, 2003. | ||
| 504 | |a Bibliografía: p. 57-67 | ||
| 650 | 7 | |a Fitoecología |2 unbist | |
| 650 | 7 | |a Pastoreo |2 unbist | |
| 650 | 7 | |a Recursos vegetales |2 unbist | |
| 650 | 7 | |a Ecología |2 unbist | |
| 651 | 0 | |a Bahía Blanca (Argentina) | |
| 710 | 2 | |a Universidad Nacional del Sur. | |
| 859 | |a AR-BbBCA |b BIB. AGRONOMIA |h 040 |i B148 2003-628 |p 114204/004 | ||
